Vianočné pastorále Nový umelecký počin SĽUKu

Bibliographic Details
Main Author: Krekovičová, Eva, 1949- (Author)
Format: Article
Language:Slovak
Subjects:

MARC

LEADER 00000nab a2200000 a 4500
001 vtls000301260
003 SK-MaSNL
005 20260303185256.0
008 111201c1988 xo 0 slo
015 |a SNBRB19rr/mm-uuuuu 
035 |a CL0311379 
040 |a SNKBUCL  |b slo  |c SNKBUCL  |e AACR2 
041 0 |a slo 
044 |a xo  |c SK 
080 |a 793.31+784.4  |2 1981 
080 |a 784.4  |2 1981 
100 1 |a Krekovičová, Eva,  |d 1949-  |4 aut  |9 86426 
245 1 0 |a Vianočné pastorále  |b Nový umelecký počin SĽUKu  |c Eva Krekovičová 
650 0 7 |a Slovenský ľudový umelecký kolektív  |2 snkbucl  |9 922093 
651 7 |a 5100  |2 snkbucl  |9 166206 
655 7 |a články z novín a časopisov  |2 snkbucl  |9 267496 
773 0 |t Práca  |g Roč. 43, č. 3 (5. 1. 1988), s. 6 
850 |a Slovenská národná knižnica v Martine  |a MTA001 
852 |a SNK  |b KIS3GCP 
958 |a RK 
992 |a RBX 
999 |c 2130558  |d 2132488